000
00222nam a22000857a 4500
008
160704b xxu||||| |||| 00| 0 eng d
100
_9
2040
_a
Rajan, M.S
245
_a
Space Today
260
_a
New Delhi
_b
National Book Trust
_c
1987
999
_c
1740
_d
1740